000 00473nam a2200205Ia 4500
008 240509s9999 xx 000 0 und d
020 _a0000387150110
041 _aEng
082 _a005.115
082 _bC45
100 _aCLOCKSIN ,W.F. & MELLISH, C.S.
245 0 _aPROGRAMMING IN PROLOG
250 _a2nd ed.
260 _bTOKYO : SPRINGER VERLAG
260 _c1984
300 _a297 p.
650 _aPROLOG : PROGRAMMING
942 _2ddc
942 _cLBK
999 _c22693
_d22693
945 _a1
_bMadushi Gamage
_c1
_dMadushi Gamage